Состояние метрологического обеспечения учета энергоресурсов; Измерительная техника; № 6

Λεπτομέρειες βιβλιογραφικής εγγραφής
Parent link:Измерительная техника=Measurement Techniques: научно-технический журнал/ Российская Федерация, Федеральное агентство по техническому регулированию и метрологии (Ростехрегулирование) (Госстандарт России).— , 1940-1941, 1955-.— 0368-1025
№ 6.— 2002.— С. 61-65
Κύριος συγγραφέας: Лахов В. М.
Άλλοι συγγραφείς: Асташенков А. И.
Γλώσσα:Ρωσικά
Έκδοση: 2002
Σειρά:Метрологическая служба
Θέματα:
Μορφή: Κεφάλαιο βιβλίου
KOHA link:https://koha.lib.tpu.ru/cgi-bin/koha/opac-detail.pl?biblionumber=383695

MARC

LEADER 00000naa2a2200000 4500
001 383695
005 20231101063148.0
035 |a (RuTPU)RU\TPU\prd\9581 
090 |a 383695 
100 |a 20030106a2002 k y0rusy50 ca 
101 0 |a rus 
102 |a RU 
200 1 |a Состояние метрологического обеспечения учета энергоресурсов  |f В. М. Лахов, А. И. Асташенков 
225 1 |a Метрологическая служба 
320 |a Библиогр.: 8 назв. 
461 1 |0 (RuTPU)RU\TPU\prd\1509  |x 0368-1025  |t Измерительная техника  |l Measurement Techniques  |o научно-технический журнал  |f Российская Федерация, Федеральное агентство по техническому регулированию и метрологии (Ростехрегулирование) (Госстандарт России)  |d 1940-1941, 1955- 
463 1 |0 (RuTPU)RU\TPU\prd\6153  |t № 6  |v С. 61-65  |d 2002 
610 1 |a энергоресурсы 
610 1 |a учет 
610 1 |a метрологическое обеспечение 
610 1 |a измерения 
610 1 |a природный газ 
610 1 |a нефть 
610 1 |a нефтепродукты 
675 |a 389.14.658.26  |v 3 
700 1 |a Лахов  |b В. М. 
701 1 |a Асташенков  |b А. И. 
801 1 |a RU  |b 63413507  |c 20030106  |g PSBO 
801 2 |a RU  |b 63413507  |c 20121217  |g RCR 
942 |c BK